| 000 | 00348nam a22001217a 4500 | ||
|---|---|---|---|
| 999 |
_c4420 _d4420 |
||
| 008 | 250217b ||||| |||| 00| 0 eng d | ||
| 020 | _a9781782096474 | ||
| 082 | _a629.4 | ||
| 100 |
_aBECKLAKE,SUE _eAUTHOR |
||
| 245 | _aSPACE TRAVEL | ||
| 260 |
_aHARDING'S ABRN BARDFIELD END GREEN,THAXTED,ESSEX,CM6 3PX,UK _bMILES KELLY PUBLISHING LTD |
||
| 942 | _2ddc | ||